Miasta w województwie śląskim - Statystyki

Ogólne statystyki
  • Ten quiz został rozwiązany 126 razy
  • Średni wynik to 35 z 74
Statystyki odpowiedzi
ludność miasta % Poprawnych
278,885 katowice
100%
203,615 częstochowa
93%
146,922 bytom
91%
169,259 gliwice
90%
185,930 sosnowiec
89%
100,012 chorzów
85%
121,472 tychy
85%
153,067 zabrze
85%
165,127 bielsko biała
84%
112,876 dąbrowa górnicza
84%
129,531 ruda śląska
83%
130,373 rybnik
83%
53,848 będzin
78%
61,814 żory
74%
86,812 jaworzno
71%
61,240 tarnowskie góry
71%
71,062 mysłowice
70%
41,618 mikołów
69%
82,301 jastrzębie zdrój
66%
63,185 siemianowice śląskie
66%
51,707 piekary śląskie
65%
44,833 wodzisław śląski
65%
32,947 cieszyn
64%
25,177 pszczyna
61%
49,650 racibórz
61%
10,552 wisła
61%
30,313 żywiec
61%
30,492 czeladź
59%
45,434 świętochłowice
59%
46,106 zawiercie
59%
34,783 czechowice dziedzice
58%
16,017 ustroń
56%
29,154 myszków
53%
18,966 bieruń
46%
22,610 lubliniec
46%
35,899 knurów
44%
5,283 szczyrk
44%
16,489 lędziny
43%
26,522 czerwionka leszczyny
40%
16,193 radzionków
40%
9,097 imielin
38%
20,168 rydułtowy
38%
12,220 kłobuck
35%
16,829 radlin
35%
19,940 łaziska górne
34%
6,961 miasteczko śląskie
33%
21,986 orzesze
31%
16,717 pyskowice
31%
13,423 skoczów
31%
2,499 olsztyn
29%
6,378 łazy
28%
13,007 pszów
28%
2,382 koziegłowy
25%
4,598 Kuźnia raciborska
25%
9,041 blachownia
24%
8,206 kalety
23%
8,104 poręba
23%
4,325 żarki
23%
5,355 koniecpol
21%
4,115 ogrodzieniec
21%
5,714 siewierz
21%
6,842 sławków
21%
1,958 sośnicowice
21%
3,558 strumień
21%
3,329 szczekociny
21%
3,489 toszek
21%
8,477 wojkowice
21%
1,761 pilica
19%
4,100 woźniki
18%
2,000 krzanowice
15%
3,165 wilamowice
15%
4,196 krzepice
11%
1,088 przyrów
9%
1,124 włodowice
8%
Nie znaleziono quizów pasujących do podanych kryteriów
Rozkład punktacji
Procent ludzi z każdym wynikiem
Percentyl według liczby udzielonych odpowiedzi
Twoja historia wyników
Nie rozwiązałeś tego quizu